000 00441nam a2200169 a 4500
001 1047
005 20140414131911.0
008 041014s19uu xx 00 eng d
050 _aER
_bD61 1998
100 _aJoyce, William
245 _aDinosaur Bob /
_cWilliam Joyce.
260 _a[s.l.] :
_bHarper Collins,
_c1998.
300 _a1 v. p. : ill. ; cm.
650 _aDinosaur
_xFiction.
650 _aChildren stories.
999 _c111230
_d111230